| 000 | 00397cam a2200145 4500 | ||
|---|---|---|---|
| 001 | J105405 | ||
| 008 | 000000n2000 000 0 eng u | ||
| 035 | _a(Sirsi) u105405 | ||
| 110 |
_aRoyal Institution of Chartered Surveyors _94900 |
||
| 245 | _aLimited liability partnerships | ||
| 260 |
_aLondon _bRICS _c2000 |
||
| 300 | _a2p. ; 30cm. | ||
| 490 | _aRICS Policy Unit Submission | ||
| 942 | _n0 | ||
| 999 |
_c100386 _d100386 |
||